[Event "Augsburg Afro op"]
[Site "Augsburg"]
[Date "2003.08.08"]
[Round "3"]
[White "Scherer, Armin"]
[Black "Pilhoefer, Bernd"]
[Result "1-0"]
[WhiteElo "1923"]
[BlackElo "1622"]
[PlyCount "79"]
[EventDate "2003.08.06"]
[EventType "swiss"]
[EventRounds "7"]
[EventCountry "GER"]
[SourceTitle "EXT 2006"]
[Source "ChessBase"]
[SourceDate "2005.11.24"]
[SourceVersion "1"]
[SourceVersionDate "2005.11.24"]
[SourceQuality "1"]

1. e4 e5 2. f4 exf4 3. Nf3 Be7 4. Bc4 Bh4+ 5. Kf1 d6 6. d4 Be6 7. Bxe6 fxe6 8. Bxf4 Be7 9. Qd3 a6 10. Qb3 Qc8 11. g3 h6 12. e5 d5 13. Qd3 Kd7 14. c4 g5 15. Be3 g4 16. Nfd2 Qf8+ 17. Kg2 dxc4 18. Qxc4 b5 19. Qe2 Qg7 20. Nc3 h5 21. Bf4 c6 22. a4 b4 23. Nce4 Nh6 24. Nb3 Nf5 25. Qc4 Qg6 26. Nbc5+ Bxc5 27. Nxc5+ Ke7 28. Qxb4 Qe8 29. Nxa6+ Kd8 30. Bg5+ Kc8 31. Nc5 Qf7 32. Rhf1 Rf8 33. Qc4 Re8 34. Ne4 Qd7 35. Rxf5 exf5 36. Nd6+ Kc7 37. Nxe8+ Qxe8 38. Bf4 Kd7 39. d5 cxd5 40. Qxd5+ 1-0

[Event "Regionalliga SW 9900"]
[Site "Bayern"]
[Date "2000.??.??"]
[Round "8.6"]
[White "Lux, Werner"]
[Black "Scherer, Armin"]
[Result "0-1"]
[WhiteElo "1860"]
[BlackElo "1960"]
[PlyCount "112"]
[EventDate "1999.??.??"]
[EventType "team-tourn"]
[EventRounds "9"]
[EventCountry "GER"]
[SourceTitle "EXT 2020"]
[Source "ChessBase"]
[SourceDate "2019.10.17"]
[SourceVersion "1"]
[SourceVersionDate "2019.10.17"]
[SourceQuality "1"]
[WhiteTeam "Tuerkheim"]
[BlackTeam "Augsburg SG 1873"]
[WhiteTeamCountry "GER"]
[BlackTeamCountry "GER"]

1. e4 c5 2. Nf3 e6 3. d3 Nc6 4. g3 d5 5. Nbd2 Nf6 6. Bg2 Be7 7. 0-0 b6 8. Re1 Bb7 9. e5 Nd7 10. Nf1 Qc7 11. Bf4 0-0-0 12. c3 h6 13. d4 g5 14. Be3 Rdg8 15. a3 h5 16. b4 c4 17. N3d2 Nf8 18. f3 Ng6 19. Bf2 Kb8 20. Ne3 Nd8 21. Nc2 a6 22. Qe2 Rg7 23. Qe3 Rhg8 24. Kh1 f5 25. exf6 Bxf6 26. Bg1 h4 27. g4 Nf4 28. h3 Be7 29. Bh2 Bd6 30. Bf1 Re7 31. Qg1 Rge8 32. Re3 Nf7 33. Rae1 Nh8 34. Qf2 Nhg6 35. Qg1 Ka8 36. Qf2 Bc6 37. Nb1 Ba4 38. Qd2 Kb7 39. Kg1 Ka7 40. Kh1 Qb7 41. Kg1 Ka8 42. Rc1 Bxc2 43. Qxc2 e5 44. Bxf4 Nxf4 45. Qd2 b5 46. Rce1 Bc7 47. Kh1 Qc6 48. dxe5 Bxe5 49. Qc2 Qf6 50. Kg1 d4 51. Re4 d3 52. Qd1 Qb6+ 53. Kh1 Qf2 54. a4 Ne2 55. R1xe2 dxe2 56. Qd5+ Kb8 0-1

[Event "Regionalliga SW 9900"]
[Site "Bayern"]
[Date "2000.??.??"]
[Round "4.6"]
[White "Scherer, Armin"]
[Black "Wiechmann, Gernot"]
[Result "1-0"]
[WhiteElo "1960"]
[BlackElo "1805"]
[PlyCount "33"]
[EventDate "1999.??.??"]
[EventType "team-tourn"]
[EventRounds "9"]
[EventCountry "GER"]
[SourceTitle "EXT 2020"]
[Source "ChessBase"]
[SourceDate "2019.10.17"]
[SourceVersion "1"]
[SourceVersionDate "2019.10.17"]
[SourceQuality "1"]
[WhiteTeam "Augsburg SG 1873"]
[BlackTeam "Sonthofen"]
[WhiteTeamCountry "GER"]
[BlackTeamCountry "GER"]

1. e4 e5 2. f4 exf4 3. Nf3 d5 4. exd5 Nf6 5. Be2 Nxd5 6. c4 Nf6 7. 0-0 Bd6 8. d4 c6 9. Nc3 h6 10. Qc2 Bc7 11. b3 Bg4 12. Ba3 Na6 13. Rfe1 Be6 14. d5 cxd5 15. cxd5 Bb6+ 16. Kh1 Be3 17. dxe6 1-0

[Event "Regionalliga SW 9798"]
[Site "Bayern"]
[Date "1998.??.??"]
[Round "?.7"]
[White "Kneifel, Stefan"]
[Black "Scherer, Armin"]
[Result "0-1"]
[WhiteElo "1975"]
[BlackElo "1900"]
[PlyCount "84"]
[EventDate "1997.10.??"]
[EventType "team-tourn"]
[EventRounds "9"]
[EventCountry "GER"]
[SourceTitle "EXT 2020"]
[Source "ChessBase"]
[SourceDate "2019.10.17"]
[SourceVersion "1"]
[SourceVersionDate "2019.10.17"]
[SourceQuality "1"]
[WhiteTeam "Garching"]
[BlackTeam "Augsburg SG 1873"]
[WhiteTeamCountry "GER"]
[BlackTeamCountry "GER"]

1. Nc3 g6 2. e4 Bg7 3. f4 c5 4. Nf3 Nc6 5. Bb5 Nd4 6. Bc4 d6 7. 0-0 e6 8. d3 Ne7 9. Bb3 0-0 10. Qe1 Nec6 11. Be3 b5 12. Bxd4 Nxd4 13. Nxd4 Bxd4+ 14. Kh1 b4 15. Nd1 a5 16. c3 Bg7 17. Qg3 a4 18. Bc2 a3 19. bxa3 Rxa3 20. Bb3 bxc3 21. Rc1 Ba6 22. Nxc3 d5 23. exd5 exd5 24. Nxd5 Rxb3 25. axb3 Qxd5 26. f5 Rd8 27. fxg6 hxg6 28. Qc7 Bb7 29. Rc2 Rc8 30. Qe7 Bd4 31. b4 Kg7 32. bxc5 Rxc5 33. Re2 Rc3 34. Rd2 Rb3 35. Qe4 Qd7 36. Qf4 Rb6 37. Qg3 Re6 38. Rc2 Be5 39. Qh3 Qe7 40. Rc4 Bf6 41. Rc2 Re1 42. Rcf2 Qe2 0-1

[Event "Regionalliga SW 9798"]
[Site "Bayern"]
[Date "1998.??.??"]
[Round "?.7"]
[White "Scherer, Armin"]
[Black "Wolf, Gerhard1111"]
[Result "0-1"]
[WhiteElo "1900"]
[BlackElo "2069"]
[PlyCount "36"]
[EventDate "1997.10.??"]
[EventType "team-tourn"]
[EventRounds "9"]
[EventCountry "GER"]
[SourceTitle "EXT 2020"]
[Source "ChessBase"]
[SourceDate "2019.10.17"]
[SourceVersion "1"]
[SourceVersionDate "2019.10.17"]
[SourceQuality "1"]
[WhiteTeam "Augsburg SG 1873"]
[BlackTeam "Muenchen FC Bayern II"]
[WhiteTeamCountry "GER"]
[BlackTeamCountry "GER"]

1. e4 d6 2. d4 Nf6 3. Nc3 c6 4. Be3 Qa5 5. f3 e5 6. Nge2 Be7 7. Qd2 0-0 8. 0-0-0 b5 9. Kb1 b4 10. Nd5 cxd5 11. dxe5 dxe5 12. exd5 Rd8 13. Ng3 Rxd5 14. Bd3 Be6 15. b3 Rd7 16. Qf2 Nd5 17. Ne2 Nc6 18. Be4 Rad8 0-1

[Event "Regionalliga SW 9798"]
[Site "Bayern"]
[Date "1997.??.??"]
[Round "?.8"]
[White "Scherer, Armin"]
[Black "Foerch, August"]
[Result "1-0"]
[WhiteElo "1900"]
[BlackElo "1930"]
[PlyCount "77"]
[EventDate "1997.10.??"]
[EventType "team-tourn"]
[EventRounds "9"]
[EventCountry "GER"]
[SourceTitle "EXT 2020"]
[Source "ChessBase"]
[SourceDate "2019.10.17"]
[SourceVersion "1"]
[SourceVersionDate "2019.10.17"]
[SourceQuality "1"]
[WhiteTeam "Augsburg SG 1873"]
[BlackTeam "Tuerkheim"]
[WhiteTeamCountry "GER"]
[BlackTeamCountry "GER"]

1. e4 b6 2. Nc3 Bb7 3. Nf3 e6 4. d4 Nf6 5. Bd3 Be7 6. 0-0 d6 7. Re1 Nbd7 8. a4 a5 9. Bf4 h6 10. Nb5 0-0 11. c3 Nh5 12. Bd2 c6 13. Na3 Nhf6 14. Qe2 e5 15. Nh4 d5 16. Nf5 dxe4 17. Bxe4 Bxa3 18. Rxa3 exd4 19. Bxh6 Re8 20. Bg5 Qc7 21. Bxf6 Nxf6 22. Qd3 c5 23. f3 Nxe4 24. fxe4 g6 25. Ng3 Rad8 26. cxd4 Rxd4 27. Qf3 Rb4 28. Qf6 Qe5 29. Qh4 Rxb2 30. Rf3 Qd4+ 31. Kh1 Qd2 32. Rg1 Re6 33. Qg4 Kf8 34. h3 Rc2 35. Qxe6 f5 36. Nxf5 gxf5 37. Rxf5+ Kg7 38. Qf7+ Kh8 39. Rh5+ 1-0